Rito del matrimonio (Record n. 359644)
[ formato base ]
| 000 -LEADER | |
|---|---|
| campo di controllo lung. fissa | 00790nam a22002057a 4500 |
| 003 - Identificatore del numero di controllo | |
| campo di controllo | IT-MiCISF |
| 005 - Data e orario dell'ultima transazione | |
| campo di controllo | 20230322143037.0 |
| 008 - Elementi di lunghezza fissa--Informazione generale | |
| campo di controllo lung. fissa | 230322b |||||||| |||| 00| 0 eng d |
| 040 ## - Fonte della catalogazione | |
| Agenzia che fa la trascrizione | IT-MiCISF |
| 041 ## - Codice di lingua | |
| Codice di lingua del testo/traccia sonora o titolo separato | it |
| 100 ## - Accesso principale -- nome di persona | |
| Nome di persona | Conferenza Episcopale Italiana |
| 9 (RLIN) | 59339 |
| 245 ## - Formulazione del titolo | |
| Titolo | Rito del matrimonio |
| 260 ## - Pubblicazione, distribuzione, ecc. (stampa) | |
| Luogo di pubblicazione, distribuzione, ecc. | Città del Vaticano; Roma, |
| Nome dell'editore, distributore, ecc. | Libreria Editrice Vaticana; Fondazione di religione Santi Francesco di Assisi e Caterina da Siena, |
| Data di pubblicazione, distribuzione, ecc. | 2004 |
| 300 ## - Descrizione fisica | |
| Estensione | pp. 270 |
| 500 ## - Nota generale | |
| Nota generale | matrimonio-sacramento, liturgia, celebrazione-matrimonio |
| 520 ## - Riassunto, ecc. | |
| Nota di riassunto, ecc. | Rituale romano riformato a norma dei decreti del Concilio ecumenico Vaticano II, promulgato da Papa Paolo VI e riveduto da Papa Giovanni Paolo II. |
| 650 ## - Accesso aggiunto di soggetto--termine topico | |
| Termine topico o nome geografico come accesso | matrimonio |
| 9 (RLIN) | 56048 |
| 654 ## - Accesso aggiunto di soggetto--termini topici faccettati | |
| Termine principale | documento |
| 942 ## - Dati aggiuntivi (Koha) | |
| Fonte della classificazione o dello schema di collocazione (segnatura) | Dewey Decimal Classification |
| Tipo copia default (Koha) | LIBRO |
| Ritirato (status) | Perso (status) | Fonte della classificazione o dello schema di collocazione (segnatura) | Danneggiato (status) | Non per il presito | Biblioteca proprietaria | Biblioteca in cui si trova | Data d'acquisizione | Totale prestiti | Collocazione | Data ultima operazione | Prezzo in vigore dal | Tipo copia default (Koha) |
|---|---|---|---|---|---|---|---|---|---|---|---|---|
| Dewey Decimal Classification | Buone Condizioni | Not For Loan | CISF - Milano | CISF - Milano | 22/03/2023 | B7756 | 22/03/2023 | 22/03/2023 | LIBRO |